000 00583nam a22001577a 4500
005 20120209155720.0
020 _a0070445095
_c00.00
035 _aB-61483
037 _aDPL
_bENG
100 _aKimmel, Paul
_941395
245 _aBuilding delphi 6 applications /
_cby Paul Kimmel
260 _aNew Delhi
_bTata McGraw-Hill Publishing
_c2001
300 _axxi, 774p.
_c22 cms.
942 _2ddc
_cEN
_h005.43
_mKIM
999 _c62435
_d62435